00394nam a22001337a 450000500170000000800410001704100250005808200130008310000250009624500520012126000350017330000260020865000260023420240215064555.0240213b |||||||| |||| 00| 0 eng d aEnglish / Afrikaans  a349 TYD  lEnglish / Afrikaans  aTydskrif vir Hedendaagse Romeins-Hollandse Reg  aDurban : bButterworth, c1999 b167 pages ; c25 cm.  aLegal practice bLaw